LEADER 01057nam a2200277 i 4500 001 000000065649 003 CaOOAMICUS 005 20240405154328.0 008 071107s1964 it u000 u ita u 013 $a36821 040 $aSeMil$bita 100 1 $aBruno, Giordano,$d<1548-1600>.$0(OLS)http://semarc/name/4302 245 10$aCandelaio /$cGiordano Bruno ; A cura di Giorgio Barberi Squarotti. 250 $a3. ed. 260 $aTorino :$bGiulio Einaudi,$ccopyr. 1964. 300 $a192 p. ;$c18 cm. 490 0 $aCollezione di teatro ;$v59 500 $aContiene : Nota bibliografica. 700 1 $aBàrberi Squarotti, Giorgio,$d<1929-2017>.$0(OLS)http://semarc/name/1058 830 0$aCollezione di teatro ;$v59.$0(OLS)http://semarc/title/6906 850 $aSeMil 852 $aSeMil$W1$xVenegono$y1$m1O I 55$j31802$B31802$CSeMilBibl$Z2$F31805 $81 961 $aOmaggio: Donazione 996 $6245$aCandelaio$9(OLS)http://semarc/title/104230 996 $6260$aTorino :$bGiulio Einaudi$9(OLS)http://semarc/publisher/29810 LEADER 00574nab a2200145 i 4500 001 000000315320 003 CaOOAMICUS 005 20180831173148.0 008 180831n xx uu u0 0und r 013 $a24407 040 $aSeMil$bita 100 1 $aMoioli, Giovanni,$d<1931-1984>.$0(OLS)http://semarc/name/511 245 10$aRivelazione e Cristologia. Lettura del libro: « Gesù Cristo rivelazione di Dio». 773 0 $t[Gennaio-Dicembre].$g178-184$w()274275 996 $6245$aRivelazione e Cristologia. Lettura del libro: « Gesù Cristo rivelazione di Dio»$9(OLS)http://semarc/title/389375